駅利用者数ランキングTOP30(奈良県) - Statistics

General Stats
  • This quiz has been taken 277 times
  • The average score is 20 of 30
Answer Stats
駅名 利用者数 % Correct
2 近鉄奈良 49225
97%
7 奈良 33820
97%
1 王寺 61198
95%
4 大和西大寺 42850
95%
5 生駒 40172
92%
6 大和八木 37242
88%
13 橿原神宮前 19450
86%
12 桜井 20514
82%
19 天理 13324
81%
3 学園前 44017
79%
16 大和高田 16446
79%
24 郡山 9764
75%
10 新大宮 25433
74%
20 法隆寺 13048
70%
17 学研奈良登美ヶ丘 15006
62%
22 田原本 10930
62%
9 五位堂 28370
59%
15 東生駒 18696
58%
29 高田市 7756
57%
14 近鉄郡山 19350
55%
8 高の原 30014
54%
11 富雄 24863
52%
18 大和小泉 14110
52%
25 榛原 9346
49%
21 菖蒲池 10997
48%
27 西ノ京 8436
44%
30 学研北生駒 6520
43%
26 白庭台 9148
34%
23 二上 10202
21%
28 筒井 8260
17%
No matching quizzes found
Score Distribution
Percent of People with Each Score
Percentile by Number Answered
Your Score History
You have not taken this quiz